Typo Mag Typography Magazine (Record no. 239937)

MARC details
000 -LEADER
fixed length control field 00319pam a2200133 a 4500
020 ## - INTERNATIONAL STANDARD BOOK NUMBER
Terms of availability
041 ## - LANGUAGE CODE
Language code of original
082 ## - DEWEY DECIMAL CLASSIFICATION NUMBER
Classification number 686.22
Item number MES
100 ## - MAIN ENTRY--PERSONAL NAME
Personal name Laura Mesequer .
245 ## - TITLE STATEMENT
Title Typo Mag Typography Magazine
Medium Textual Documents
260 ## - PUBLICATION, DISTRIBUTION, ETC.
Place of publication, distribution, etc. [s.l]:
Name of publisher, distributor, etc. Page one Publishing ,
Date of publication, distribution, etc. 2010.
300 ## - PHYSICAL DESCRIPTION
Extent 191:
Other physical details paper.
930 ## - EQUIVALENCE OR CROSS-REFERENCE-UNIFORM TITLE HEADING [LOCAL, CANADA]
Uniform title 6147
Holdings
Withdrawn status Lost status Damaged status Not for loan Collection Home library Current library Date acquired Source of acquisition Cost, normal purchase price Total Checkouts Full call number Barcode Date last seen Copy number Price effective from Koha item type
          College of Fine Arts, Pune College of Fine Arts, Pune 08/10/2011 Bhararti Sahakari Grahak Bhandar 1350.63   686.22 MES FAP-6503 07/03/2023 1 07/03/2023 Book